00619nam a2200193Ia 4500003000400000005001700004008004100021020002900062040001700091082001700108100001900125245007000144260002500214300001500239650002400254942000900278952012500287999001300412IIN20240105125051.0231217s9999 xx 000 0 und d cRs.395.00a9789386217516 aIINbEnglish a610.73 bGOW1 aGowda, Krishna1 aEssentials of Sociology bfor BSc Nursing StudentscKrishna Gowda bCBSaNew Delhic2017 axvi, 343p.1 aSociology vNursing cBOOK 00102ddc40708Purches BookaIINbIINd2023-12-17g395.00l0o610.73 GOWp375r2023-12-17 21:32:17w2023-12-17yBOOK c380d380